01586nam a2200253 i 4500001001600000003000900016005001700025008004100042020003100083040002100114072004500135100004600180245007000226250002300296264003600319300002300355520081300378655002301191700004201214710003201256910001101288952001601299999001701315016200001779728CZ PrSKC20260511085707.0260506s2026 xr ||| | cze  a9788028411817cKč 399,00 aJHG001bczeerda 7a821.162.3-3xČeská próza2Konspekt1 aTrpková, Kristýna,d1996-4aut91380610aPříběhy z pitevny /cKristýna Trpková, Pavel Toupalík aVydání první 1aPraha :bEuromedia Group,c2026 a156 stran ;c21 cm2 aUznávaný soudní lékař Pavel Toupalík a princezna české krimi Kristýna Trpková spojili síly, aby čtenářům přiblížili, co se doopravdy děje za oponou pitevních sálů. Jaká je vlastně práce soudního znalce v naší zemi? Jak moc se realita na českých pitevnách liší od toho, co vidíme v televizi a čteme v knihách? Jsou podlahy na pitevnách vážně tak dokonale nablýskané a čisté jako na obrazovkách? Jaký byl nejbrutálnější čin, ke kterému byl Pavel za svou kariéru přivolán? Proč odborníci z tohoto oboru nedají dopustit na svůj pověstný černý humor? A na jaké oběti se ani po víc než třicetileté praxi a desítkách tisíců provedených pitev stejně zvyknout nedá? 7ačeské romány1 aToupalík, Pavel,d1966-4aut9207462 aEuromedia Group4pbl920440 aABG508 102udc400 c34265d34265